Long Island A–Z - Statistics

General Stats
  • This quiz has been taken 59 times
  • The average score is 11 of 26
Answer Stats
Letter Hint Answer % Correct
A Ocean that straddles Long Island on three sides Atlantic Ocean
98%
B Singer and songwriter of "Piano Man" Billy Joel
96%
J Busiest International Commercial Airport in North America John F. Kennedy
74%
H Group of towns in eastern Long Island known for being a popular seaside resort Hamptons
72%
Q NYC Borough that makes up roughly 30% of Long Island's population but only 8% of the area Queens
68%
C Beachy neighborhood in Brooklyn that is technically a peninsula Coney Island
66%
M Village on the far eastern tip of Long Island, famous for its lighthouse Montauk
62%
G Book set in a fictionalized version of Great Neck, on Long Island's North Shore The {Great Gatsby}
60%
S North shore town home to a prestigious SUNY University Stony Brook
49%
D Biological molecule discovered at Cold Spring Harbor Laboratory by James Watson and Francis Crick DNA
45%
L Hamlet in Nassau County originally built for returning World War II veterans, the first of many such projects Levittown
45%
N Actress famous for playing Padme Amidala in Star Wars Natalie Portman
40%
K Grocery store chain based in Hauppauge recognized as America's first supermarket King Kullen
34%
U 19th-century-era organized network of secret routes that had some locations in Long Island Underground Railroad
32%
W Poet and essayist who wrote "Leaves of Grass" Walt Whitman
32%
I Interstate highway that stretches from Manhattan to Riverhead I-495
28%
E Cosmetics and skincare brand whose namesake founder was born in Corona Estée Lauder
26%
R Former airport and current shopping mall site that Charles Lindbergh started his Trans-Atlantic voyage from Roosevelt Field
26%
Y Village formerly home to a summer camp promoting Nazi ideology to youth Yaphank
23%
O Mansion formerly owned by Otto Hermann Kahn where the music video for Taylor Swift's "Blank Space" was filmed Oheka Castle
21%
T Series of three horse races that concludes its final leg in Belmont Park in Elmont Triple Crown
21%
V Town whose Jewish temple was visited by President Ronald Reagan Valley Stream
13%
Z Prestigious medical college of Hofstra University Zucker School
11%
F Public park that was the setting for much of Iron Man 2 Flushing Meadows
6%
X Russian princess and Long Island socialite who recognized Anna Anderson as Anastasia Romanova Xenia Georgievna
6%
P Legendary rapper from Hempstead who comprised one half of Mobb Deep Prodigy
4%
No matching quizzes found
Score Distribution
Percent of People with Each Score
Percentile by Number Answered
Your Score History
You have not taken this quiz